000 00424nam a2200157 i 4500
001 bg
100 1 _aBOGOLJUBOV, Nikolaj Nikolaevic
245 0 _aNekatoryje voprosy statistićeskoj mechaniki /
_cN.N. Bogoljubov, B.I. Sadovnikov.
260 _aMoskva,
_c1975.
700 1 _aSADOVNIKOV, Boris Iosifovic
040 _cBPK
041 _apol
080 _a531.1
942 _cKS
008 s pl f |000 0 pol
999 _c27433
_d27433
856 _uhttp://koha.tu.koszalin.pl/cgi-bin/koha/opac-detail.pl?biblionumber=27433
_yKatalog online BPK